| 000 -LEADER |
| fixed length control field |
00866cam a2200265 a 4500 |
| 001 - CONTROL NUMBER |
| control field |
12770512 |
| 005 - DATE AND TIME OF LATEST TRANSACTION |
| control field |
20180226072043.0 |
| 008 - FIXED-LENGTH DATA ELEMENTS--GENERAL INFORMATION |
| fixed length control field |
020510s2002 nyu 000 0 eng d |
| 010 ## - LIBRARY OF CONGRESS CONTROL NUMBER |
| LC control number |
2002280828 |
| 020 ## - INTERNATIONAL STANDARD BOOK NUMBER |
| International Standard Book Number |
0761125183 |
| 035 ## - SYSTEM CONTROL NUMBER |
| System control number |
(OCoLC)ocm49614133 |
| 040 ## - CATALOGING SOURCE |
| Original cataloging agency |
RLS |
| Transcribing agency |
RLS |
| Modifying agency |
DLC |
| 041 ## - LANGUAGE CODE |
| Language code of text/sound track or separate title |
eng |
| 042 ## - AUTHENTICATION CODE |
| Authentication code |
lccopycat |
| 080 ## - UNIVERSAL DECIMAL CLASSIFICATION NUMBER |
| Universal Decimal Classification number |
305.26 kat |
| 082 00 - DEWEY DECIMAL CLASSIFICATION NUMBER |
| Classification number |
305.26 kat |
| Edition number |
22 |
| 100 ## - Rafti |
| Rafti |
49 |
| 101 ## - Shkurtesa |
| Shkurtesa |
soc |
| 245 00 - TITLE STATEMENT |
| Title |
Age doesn't matter unless you're a cheese : |
| Statement of responsibility, etc |
[compiled] by Kathryn and Ross Petras. |
| 246 3# - VARYING FORM OF TITLE |
| Title proper/short title |
Age does not matter unless you are a cheese |
| 246 30 - VARYING FORM OF TITLE |
| Title proper/short title |
Wisdom from our elders |
| 906 ## - LOCAL DATA ELEMENT F, LDF (RLIN) |
| a |
7 |
| b |
cbc |
| c |
copycat |
| d |
2 |
| e |
ncip |
| f |
20 |
| g |
y-gencatlg |
| 942 ## - ADDED ENTRY ELEMENTS (KOHA) |
| Source of classification or shelving scheme |
|
| Item type |
Books |